Libro para el maestro matemáticas: secundaria
Saved in:
| Main Authors: | , , , , |
|---|---|
| Format: | Bog |
| Sprog: | spansk |
| Udgivet: |
Ciudad de México
Secretaría de Educación Pública
1995
|
| Fag: | |
| Tags: |
Tilføj Tag
Ingen Tags, Vær først til at tagge denne postø!
|
MARC
| LEADER | 00000nam a2200000 a 4500 | ||
|---|---|---|---|
| 001 | UCP2110 | ||
| 003 | CL-VaPUC | ||
| 008 | 990507e19950000MX |||||||||||||||||spa|d | ||
| 082 | 0 | 4 | |a 510.0712 |b ALA |2 21 |
| 100 | 0 | |a Alarcón Bortolussi, Jesús |e author |9 428595 | |
| 700 | 0 | |a Bonilla Rius, Elisa |e author |9 428596 | |
| 700 | 0 | |a Nava Alvarez, Rocío |e author |9 428597 | |
| 700 | 0 | |a Rojano Cevallos, Teresa |e author |9 428598 | |
| 700 | 0 | |a Quintero, Ricardo |e author |9 428599 | |
| 245 | 1 | 0 | |a Libro para el maestro matemáticas: secundaria |
| 300 | |a 407 p | ||
| 942 | |c BK | ||
| 945 | |d 19990507 00:00:00 |a rbrito | ||
| 260 | |a Ciudad de México |b Secretaría de Educación Pública |c 1995 | ||
| 650 | 0 | |a Matemáticas |x Enseñanza |9 875527 | |
| 650 | 0 | |a Métodos de enseñanza |9 270413 | |
| 583 | |a last modification |c 19990507 00:00:00 |k Rodrigo Vera | ||
| 999 | |c 280703 |d 280701 | ||
| 952 | |0 0 |1 0 |4 0 |6 510_071200000000000_ALA_1995 |7 0 |8 A |9 321174 |a BIBMAT |b BIBMAT |c E_DIDACT |d 2019-11-20 |i 349912K |o 510.0712 ALA 1995 |p 349912K |r 2025-01-07 |w 2019-11-20 |y BK |k MAT | ||